000
00200 a2200097 4500
020
_a
9781616264161
041
_a
spa
100
_a
Anonimo
245
_a
365 Historias para la hora de dormir
942
_c
K
999
_c
26754
_d
26754